Skip to content
VuFind
All Fields
Title
Author
Subject
Call Number
ISBN/ISSN
Tag
Find
Advanced
Ada cinta dimatamu
Cite this
Print
Export Record
Export to RefWorks
Export to EndNoteWeb
Export to EndNote
Export to MARC
Ada cinta dimatamu
Bibliographic Details
Format:
Book
Holdings
Description
Similar Items
Staff View
MARC
LEADER
00000cam a2200000 7i4500
001
0000009956
002
000010845
005
20000330.0
020
|a
98389332841
090
0
0
|a
F
|b
ZUR
245
0
0
|a
Ada cinta dimatamu
999
|a
052173
|b
BUKU
|c
PINJAMAN
|e
PERPUSTAKAAN KOMUNITI PETALING JAYA
Similar Items
Ada cinta
by: Rina Farizq
Published: (2009)
Masihkah ada cinta
by: Teh Halimatusaadiah
Published: (1998)
Masihkah ada cinta
by: Daniella Daniel
Published: (2006)
Kalau ada cinta
by: Hana Emi Husna
Published: (2006)
Masih ada cinta
by: Haslinda Ismail
Published: (2009)